Polacy i Niemcy na Ziemi Brzeskiej
| Titel: | Polacy i Niemcy na Ziemi Brzeskiej |
|---|---|
| Verfasser: | |
| In: |
Peszko, Andrzej: Historyczne dziedzictwo Ziemi Brzeskiej, (2005), Seite 15-19 alle Artikel anzeigen |
| Veröffentlicht: | 2005 |
| Format: | Aufsatz |
| Sprache: | Polnisch |
X
alg: 39450660 001A $01999:12-11-16 001B $01999:30-05-21 $t14:34:39.000 001D $01999:12-11-16 001U $0utf8 001X $00 002@ $0Aox 003@ $039450660X 007A $039450660X $aHEB 007T $0Herdww028844 010@ $apol 011@ $a2005 021A $aPolacy i Niemcy na Ziemi Brzeskiej 027A $aPolen und Deutsche im Brieger Land 028A $aNicieja $dStanisław Sławomir 031A $h15-19 $j2005 039B $aIn $8--Aau--Peszko, Andrzej [Tnd]. Historyczne dziedzictwo Ziemi Brzeskiej. - Opole : Wydawn. Świętego Krzyża, 2005. - 220, [8] S.. - Ill.. - ISBN 83-920550-8-X $x200500000000000985 $9343999927 045F $a307.094385 $eDDC23BSB 045F/01 $a307.09 045F/03 $g4385 046C $aPolen und Deutsche im Brieger Land $bÜbers. des Hauptsacht. lok: 39450660 78 exp: 39450660 78 1 #EPN 201B/01 $031-10-18 $t22:54:26.000 201U/01 $0utf8 203@/01 $0790617021 208@/01 $a12-11-16 $be 209A/01 $a/ $f000 $x00 220C/01 $aTitelaufnehmer: EV 220C/01 $aHerkunft: IH UWr 244Z/01 $2Trx $#Silesia $#Śląsk $#Sliezsko $#Slezsko $8--Trx--Schlesien $x01 $9391173987 244Z/01 $75031491-9 $8--Tg1--Brzeg $x02 $9044474563 244Z/01 $2Trx $#Brieg Oppeln, Land $#Brieger Land $#Ziemia Brzeska $8--Trx--Brzeg$gOpole, ziemia $x03 $9391304828 244Z/01 $2Trx $#suhted, Poola-Saksa $#santykiai, lenkų ir vokiečių $#relations, German-Polish $#kapcsolatok, lengyel-német $#stosunki niemiecko-polskie $#vzťahy nemecko-poľské $#vztahy německo-polské $8--Trx--Beziehungen, deutsch-polnische $x04 $9391368397 244Z/01 $2Trx $8--Trx--Einzelbeiträge $x05 $9391384570 245Z/01 $a13.02 $x01 245Z/01 $a11.15 $x02 247C/01 $82080>Marburg/Lahn, Herder-Institut, Forschungsbibliothek, Bibliographieportal $9336309341
| LEADER | 00000caa a22000002c 4500 | ||
|---|---|---|---|
| 001 | 39450660X | ||
| 003 | DE-603 | ||
| 005 | 20210530143439.0 | ||
| 007 | tu | ||
| 008 | 161112s2005 xx |||| | u00||u|pol c | ||
| 035 | |a (DE-599)HEB39450660X | ||
| 040 | |a DE-603 |b ger |c DE-603 |d DE-603 | ||
| 041 | |a pol | ||
| 082 | 0 | 4 | |8 1\u |a 307.094385 |q DE-101 |2 23/BSB |
| 085 | |8 1\u |b 307.09 | ||
| 085 | |8 1\u |z 2 |s 4385 | ||
| 100 | 1 | |a Nicieja, Stanisław Sławomir | |
| 245 | 0 | 0 | |a Polacy i Niemcy na Ziemi Brzeskiej |
| 246 | 1 | |i Übers. des Hauptsacht. |a Polen und Deutsche im Brieger Land | |
| 246 | 1 | 3 | |a Polen und Deutsche im Brieger Land |
| 264 | 0 | |c 2005 | |
| 773 | 0 | 8 | |i In |a Peszko, Andrzej |t Historyczne dziedzictwo Ziemi Brzeskiej |d Opole : Wydawn. Świętego Krzyża, 2005 |h 220, [8] S., Ill. |z 839205508X |z 9788392055082 |g (2005), Seite 15-19 |w (DE-603)343999927 |
| 924 | 0 | |9 2080 |a (DE-603)790617021 |b DE-2080 |c HES |d d |g / | |


